The six bad boy

Bibliographic Details
Main Author: Blyton, Enid
Format: Book
Published: Nottinghamshire : Award Publications Limited , 2010
Series:Family adventures
Subjects:

MARC

LEADER 00000cam a2200000 7i4500
001 0000200802
005 20160201.0
020 |a 9781841356501 
090 0 0 |a JF   |b BLY 
100 1 |a Blyton, Enid 
245 1 4 |a The six bad boy   |c Enid Blyton 
260 |a Nottinghamshire :   |b Award Publications Limited ,   |c 2010 
300 |a 222p. ;   |c 20cm. 
490 0 |a Family adventures 
650 0 0 |a Children's stories 
999 |a 00315507   |b BUKU   |c PINJAMAN   |e PERPUSTAKAAN KOMUNITI PETALING JAYA